History Quiz

Random History or Biography Quiz

Prince Philip's Pearls, fit to be cast before swine! II Quiz Stats

 Plays Quiz not verified by Sporcle

Score 0/28 Timer 07:00
0 Plays Today
% Correct
eaten
97.7%
strip
95%
b*st*rds
95%
cord
94.1%
unemployed
93.5%
knickers
93.3%
write
93.3%
Dontopedalogy
93.3%
school art lessons
93%
Windsor Castle
93%
ignorant
92.4%
Dracula
92.4%
pot belly
92.1%
ghastly
91.8%
% Correct
Cat
91.8%
mating
91.8%
trip over
91.5%
integrate
90.9%
cook
89.7%
Southern Comfort
88.9%
bed
88.3%
bloody silly fool
88.3%
Whitehall twit
88.3%
tart’s
88%
pirates
87.1%
beer
86.8%
Philippines
85%
polo
74.5%

You're not logged in!

Compare scores with friends on all Sporcle quizzes.
OR
Log In

You Might Also Like...

Show Comments

Extras

Top Quizzes Today


Score Distribution

Your Account Isn't Verified!

In order to create a playlist on Sporcle, you need to verify the email address you used during registration. Go to your Sporcle Settings to finish the process.

Report this User

Report this user for behavior that violates our Community Guidelines.

Details: